000 00446cam a2200193 4500
001 D12591
008 090401t1948 xxu||||| |||| 00| 0 eng d
035 _a(Sirsi) u4497
041 _aeng
100 _aDavies, Clement E.
245 _aAgricultural law and tenant right
250 _a4th
260 _aLondon
_bEstates Gazette
_c1948
350 _a0
520 _aShelf 114
700 _aMustoe, N.E.
942 _n0
948 _c04/03/1997
999 _c86033
_d86033